000
00262nac a2200097zu 4500
008
260114b1999 sp a|||br|||| 000 0 spa d
245
_a
LAS FOTOS DE SARA
260
_a
ESPAÑA:
_b
EDICIONES DESTINO1999
_c
1999
300
_a
38 páginas;
_c
28 X 21 cm
942
_2
ddc
_c
BKN
999
_c
68485
_d
68485